Países que tiveram uma intervenção militar americana - Statistics

Estatísticas Gerais
  • Esse quiz foi jogado 67 vezes
    22 desde o último reset
  • A pontuação média é 36 de 56
Estatísticas das Respostas
Data Motivos Pais % Correto
1953 Golpe de estado Irã
95%
1988 Operação militar Irã
95%
2006 Ataque informático Irã
95%
2025 Bombardeios Irã
95%
2026 Guerra Irã
95%
1961 Invasão Cuba
89%
1964 Apoio a golpe de estado Brasil
84%
1992-2003 Operação militar Iraque
84%
1996 Operação militar Iraque
84%
1997 Operação militar Iraque
84%
1998 Operação militar Iraque
84%
2003-2011 Guerra Iraque
84%
2020 Ataque aéreo Iraque
84%
1990-1991 Operação militar Iraque, Kuwait
84%
2014-2019 Guerra contra grupo militar Iraque, Síria
84%
2024 Bombardeios Iraque, Síria
84%
2026 Captura do presidente Venezuela
84%
1979 programa da CIA para armar grupo armado Afeganistão
79%
1998 Bombardeios Afeganistão
79%
2001-2021 Intervenção militar Afeganistão
79%
2015 Bombardeios Afeganistão
79%
1973 Guerra Israel, Egito, Síria
79%
1950-1953 Guerra Coreia
74%
2004-2018 Ataques aéreo Paquistão
74%
1955-1975 Guerra Vietna, Camboja, Laos
74%
1986 Bombardeios Líbia
68%
2011 Intervenção militar Líbia
68%
2018 Bombardeios Síria
68%
1973 Apoio ao golpe de estado Chile
63%
1994 Operação militar contra o governo Haiti
58%
2004 Captura do presidente Haiti
58%
1988 Operação militar Honduras, Nicaragua
58%
2017 Ataque Iémen
58%
2024 Ataques aéreos Iémen
58%
1958 Bombardeios Indonesia
58%
1965 Ajuda na repressão ao governo local Indonesia
58%
1992-1993 Operação militar Somália
58%
1981-1988 Ajuda militar a grupos armados Nicaragua
53%
1998 Bombardeios Sudão
53%
1954 Golpe de estado Guatemala
47%
1960 Bombardeios Guatemala
47%
1967-1969 Treino das forças armadas Guatemala
47%
1989 Invasão Panama
47%
1980-1990 Ajuda militar ao governo local, 100 000 mortos na guerra civil El Salvador
42%
1958 Ajuda militar ao governo local Libano
42%
1982-1983 Ajuda militar ao governo local Líbano
42%
1964 Ajuda militar ao governo local Republica democratica do Congo
42%
1989 Ajuda militar ao governo local contra um golpe de estado Filipinas
37%
2002 Apoio militar contra as guerilhas Filipinas
37%
2017 Apoio militar contra grupos armados Filipinas
37%
2025 Bombardeios Nigéria
37%
1992-1995 Intervenção militar com a OTAN Bósnia e Herzegovina
32%
1983 Invasão Granada
26%
1999 Bombardeios Iugoslávia
26%
1965 Ocupação do país Republica Dominicana
21%
1999 Apoio logistico Timor Leste
11%
Nenhum quiz correspondente encontrado
Distribuição das Pontuações
Porcentagem de Pessoas com Cada Pontuação
Percentil de Números Respondidos
Sua Pontuação Histórica
Você não jogou esse quiz desde o último reset